000 00642nam a2200241Ia 4500
003 OSt
005 20221007081958.0
006 a|||||r|||| 00| 0
007 ta
008 221006b |||||||| |||| 00| 0 eng d
024 _a13,725
037 _cTextual
040 _aFLL
_cFLL
_beng
041 _2eng
_aeng
082 _aV8:2:9Z, L6
100 _aWynes W.A. Au.
245 0 _aLegislative, executive and judicial powers in Australia
250 _a5th
260 _aSydney
_bLaw book comp. Sydney
_c1976
300 _axlv,590p
_ccm.
942 _hV8:2:9Z, L6
_cTEXL
_2CC
999 _c1164923
_d1164923